<?xml version="1.0" encoding="UTF-8"?>
<record
    xmlns:xsi="http://www.w3.org/2001/XMLSchema-instance"
    xsi:schemaLocation="http://www.loc.gov/MARC21/slim http://www.loc.gov/standards/marcxml/schema/MARC21slim.xsd"
    xmlns="http://www.loc.gov/MARC21/slim">

  <leader>03210cam a2200349 a 4500</leader>
  <controlfield tag="003">EG-GiCUC</controlfield>
  <controlfield tag="005">20250223031648.0</controlfield>
  <controlfield tag="008">170208s2016    ua dh  f m    000 0 eng d</controlfield>
  <datafield tag="040" ind1=" " ind2=" ">
    <subfield code="a">EG-GiCUC</subfield>
    <subfield code="b">eng</subfield>
    <subfield code="c">EG-GiCUC</subfield>
  </datafield>
  <datafield tag="041" ind1="0" ind2=" ">
    <subfield code="a">eng</subfield>
  </datafield>
  <datafield tag="049" ind1=" " ind2=" ">
    <subfield code="a">Deposite </subfield>
  </datafield>
  <datafield tag="097" ind1=" " ind2=" ">
    <subfield code="a">M.Sc</subfield>
  </datafield>
  <datafield tag="099" ind1=" " ind2=" ">
    <subfield code="a">Cai01.11.28.M.Sc.2016.Am.E</subfield>
  </datafield>
  <datafield tag="100" ind1="0" ind2=" ">
    <subfield code="a">Amna Yhea Ahmed Alradem </subfield>
  </datafield>
  <datafield tag="245" ind1="1" ind2="0">
    <subfield code="a">Egyptian kernicterus registry : </subfield>
    <subfield code="b">A pilot in cairo university  hospitals {u2019}neonatal intensive care units  / </subfield>
    <subfield code="c">Amna Yhea Ahmed Alradem ; Supervised Nahed Fahmy Helal , Eman Abdelghany Abdelghany , Walaa Alsharany Abuelhamed </subfield>
  </datafield>
  <datafield tag="246" ind1="1" ind2="5">
    <subfield code="a">&#x62F;&#x631;&#x627;&#x633;&#x647; &#x62A;&#x62C;&#x631;&#x64A;&#x628;&#x64A;&#x647; &#x644;&#x62A;&#x633;&#x62C;&#x64A;&#x644; &#x62D;&#x627;&#x644;&#x627;&#x62A; &#x627;&#x644;&#x64A;&#x631;&#x642;&#x627;&#x646; &#x627;&#x644;&#x646;&#x648;&#x648;&#x64A; &#x628;&#x648;&#x62D;&#x62F;&#x627;&#x62A; &#x627;&#x644;&#x639;&#x646;&#x627;&#x64A;&#x647; &#x627;&#x644;&#x645;&#x631;&#x643;&#x632;&#x647; &#x644;&#x644;&#x623;&#x637;&#x641;&#x627;&#x644; &#x62D;&#x62F;&#x64A;&#x62B;&#x64A; &#x627;&#x644;&#x648;&#x644;&#x627;&#x62F;&#x647; &#x628;&#x645;&#x633;&#x62A;&#x634;&#x641;&#x64A;&#x627;&#x62A; &#x62C;&#x627;&#x645;&#x639;&#x647; &#x627;&#x644;&#x642;&#x627;&#x647;&#x631;&#x647;</subfield>
  </datafield>
  <datafield tag="260" ind1=" " ind2=" ">
    <subfield code="a">Cairo : </subfield>
    <subfield code="b">Amna Yhea Ahmed Alradem , </subfield>
    <subfield code="c">2016</subfield>
  </datafield>
  <datafield tag="300" ind1=" " ind2=" ">
    <subfield code="a">198 P. : </subfield>
    <subfield code="b">charts , facsimiles ; </subfield>
    <subfield code="c">25cm</subfield>
  </datafield>
  <datafield tag="502" ind1=" " ind2=" ">
    <subfield code="a">Thesis (M.Sc.) - Cairo University - Faculty of Medicine - Department of Pediatrics</subfield>
  </datafield>
  <datafield tag="520" ind1=" " ind2=" ">
    <subfield code="a"> Objective: to detect the prevalence, risk factors, response to various  modalities of treatment and outcome among cases of kernicterus admitted  in Cairo University Children hospital NICU.  Methods: a one year prospective analysis of all cases of acute bilirubin  encephalopathy admitted to NICU of CUPH during the period from the  first of September 2014 to the end of August 2015.   Results: eighty one newborns, having severe hyperbilirubinemia with  signs or symptoms suggestive of acute bilirubin encephalopathy, were  recorded. They represented 12% of the total number of the neonates  admitted to the NICU with jaundice. The mean gestational age was 38.1 &#xB1;  1.1 weeks; the mean age of onset of jaundice was 2.8 &#xB1; 1.7 days.  Admission TSB value was ranged from17.5 to 75.2mg/dl. The presence  of hemolysis was detected in 40.7%.ABO incompatibility was found in  50.6% of cases, Rh incompatibility in 27.2% and neonatal sepsis in  21%.Their outcome showed a mortality in 9.9% of cases, the living cases  with parietal recovery accounted for 58%. Admission BIND score  showed significant positive correlation with: TSB at admission and  significant negative correlation with hemoglobin and hematocrit. BIND  score at discharge showed significant positive correlation with TSB at  onset, TSB at admission, TSB after treatment, BIND score at admission,  BIND score after treatment and significant negative correlation with  hemoglobin and hematocrit. The linear (standard) regression model  showed that only TSB at admission and maternal illiteracy were the  significant predictors of BIND score at admission. Similarly, only BIND  score at admission could significantly determine the variation in BIND  score at discharge</subfield>
  </datafield>
  <datafield tag="530" ind1=" " ind2=" ">
    <subfield code="a">Issued also as CD</subfield>
  </datafield>
  <datafield tag="653" ind1=" " ind2="4">
    <subfield code="a">Kernicterus</subfield>
  </datafield>
  <datafield tag="653" ind1=" " ind2="4">
    <subfield code="a">Neonatal hyperbilirubinemia</subfield>
  </datafield>
  <datafield tag="653" ind1=" " ind2="4">
    <subfield code="a">Risk factors </subfield>
  </datafield>
  <datafield tag="700" ind1="0" ind2=" ">
    <subfield code="a">Eman Abdelghany Abdelghany , </subfield>
    <subfield code="e">Supervisor</subfield>
  </datafield>
  <datafield tag="700" ind1="0" ind2=" ">
    <subfield code="a">Nahed Fahmy Helal , </subfield>
    <subfield code="e">Supervisor</subfield>
  </datafield>
  <datafield tag="700" ind1="0" ind2=" ">
    <subfield code="a">Walaa Alsharany Abuelhamed , </subfield>
    <subfield code="e">Supervisor</subfield>
  </datafield>
  <datafield tag="856" ind1=" " ind2=" ">
    <subfield code="u">http://172.23.153.220/th.pdf</subfield>
  </datafield>
  <datafield tag="905" ind1=" " ind2=" ">
    <subfield code="a">Nazla</subfield>
    <subfield code="e">Revisor</subfield>
  </datafield>
  <datafield tag="905" ind1=" " ind2=" ">
    <subfield code="a">Shaima</subfield>
    <subfield code="e">Cataloger</subfield>
  </datafield>
  <datafield tag="942" ind1=" " ind2=" ">
    <subfield code="2">ddc</subfield>
    <subfield code="c">TH</subfield>
  </datafield>
  <datafield tag="999" ind1=" " ind2=" ">
    <subfield code="c">59752</subfield>
    <subfield code="d">59752</subfield>
  </datafield>
  <datafield tag="952" ind1=" " ind2=" ">
    <subfield code="2">ddc</subfield>
    <subfield code="7">0</subfield>
    <subfield code="a">CUCL</subfield>
    <subfield code="b">cl210</subfield>
    <subfield code="d">2024-02-11</subfield>
    <subfield code="o">Cai01.11.28.M.Sc.2016.Am.E</subfield>
    <subfield code="p">01010110070840000</subfield>
    <subfield code="r">2023-09-22 00:00:00</subfield>
    <subfield code="y">TH</subfield>
  </datafield>
  <datafield tag="952" ind1=" " ind2=" ">
    <subfield code="2">ddc</subfield>
    <subfield code="7">0</subfield>
    <subfield code="a">CUCL</subfield>
    <subfield code="b">cl2u8</subfield>
    <subfield code="d">2024-02-11</subfield>
    <subfield code="o">Cai01.11.28.M.Sc.2016.Am.E</subfield>
    <subfield code="p">01020110070840000</subfield>
    <subfield code="r">2023-09-22 00:00:00</subfield>
    <subfield code="t">70840.CD     </subfield>
    <subfield code="y">CD</subfield>
  </datafield>
</record>
